000
00215 a2200097 4500
001
49489
100
_a
Herrich
245
_a
Breathless episodes
260
_a
G B
_b
Collins door type press
_c
090
_c
32020
_d
32020
942
_a
NUST-CAE
_c
M
_c
24471
999
_c
284562
_d
284562